Представление документа в формате MARC21

Поле Инд. ПП Название Значение
Тип записи a
Библиографический уровень b
001 Контрольный номер RU/IS/BASE/103035068
005 Дата корректировки 20200609191250.4
084 a Индекс другой классификации/Индекс ББК 60.028.132
a Индекс другой классификации/Индекс ББК 60.563.0; 66.01; 66.06
a Индекс другой классификации/Индекс ББК 60.524.224.67
100 1_ a Автор Тузиков А. Р.
245 a Заглавие Идеология и медиа-конструирование социальной реальности в современных западных обществах
504 a Библиография Библиогр.: с. 228
650 a Основная рубрика политика
a Основная рубрика политическая философия (философия политики)
a Основная рубрика политология
a Основная рубрика социальная философия
a Основная рубрика философия
653 a Ключевые слова дискурс
a Ключевые слова западное общество
a Ключевые слова идеологическое воздействие
a Ключевые слова идеология
a Ключевые слова информационное мировоззрение
a Ключевые слова информационное общество
a Ключевые слова кинопроизводство
a Ключевые слова консюмеризм
a Ключевые слова массмедиа
a Ключевые слова мировоззрение
a Ключевые слова новости
a Ключевые слова новостные программы
a Ключевые слова общественное мнение
a Ключевые слова общественные ценности
a Ключевые слова общество
a Ключевые слова политическая идеология
a Ключевые слова постиндустриальное общество
a Ключевые слова реклама
a Ключевые слова современное общество
a Ключевые слова социальная коммуникация
a Ключевые слова социальная реальность
a Ключевые слова социальное взаимодействие
a Ключевые слова средства массовой информации (СМИ)
a Ключевые слова телевидение
a Ключевые слова телевизионная реклама
a Ключевые слова телевизионные сериалы (телесериалы)
a Ключевые слова фильмы
773 t Заглавие источника Социально-гуманитарные знания
d Дата издания источника 2003
g Прочая информация № 1. - С. 211 - 228
w Контрольный № источника RU/IS/BASE/101491030
901 t Тип документа b